Numbers, hypotheses & conclusions : a course in statistics for the social sciences (Record no. 225383)

MARC details
000 -LEADER
fixed length control field 00341nam a2200097Ia 4500
082 ## - DEWEY DECIMAL CLASSIFICATION NUMBER
Classification number 300.021|NUMB
008 - FIXED-LENGTH DATA ELEMENTS--GENERAL INFORMATION
fixed length control field 210817s9999 xx 000 0 und d
100 ## - MAIN ENTRY--PERSONAL NAME
Personal name Tredoux, Colin Cape Town, South Africa, 2013 2nd. ed.
9 (RLIN) 69716
245 #0 - TITLE STATEMENT
Title Numbers, hypotheses & conclusions : a course in statistics for the social sciences
942 ## - ADDED ENTRY ELEMENTS
item type Books
Holdings
Withdrawn status Lost status Damaged status Not for loan Home library Current library Date acquired Cost, normal purchase price Total Checkouts Barcode Date last seen Price effective from item type
        Emthonjeni PL (MMID-PLEMA-EMTH) Emthonjeni PL (MMID-PLEMA-EMTH) 18.08.2021 450.00   33228021908312 18.08.2021 18.08.2021 Books